| 000 | 01016nam a22002777a 4500 | ||
|---|---|---|---|
| 999 |
_c4755 _d4755 |
||
| 003 | AR-CdUCM | ||
| 008 | 190311b ||||| |||| 00| 0 spa d | ||
| 040 |
_aMUNICIPALIDAD PROVINCIAL DEL CUSCO _cBIBLIOTECA MUNICIPAL DEL CUSCO |
||
| 082 |
_a335.008 / _bL29 |
||
| 100 |
_aLauer, Mirko _91114 |
||
| 245 | _aEl reformismo burgués, 1968-1976 / | ||
| 260 |
_aLima : _bMosca Azul Editores, _c1978. |
||
| 300 |
_a253 paginas ; _c20.5 cm. |
||
| 440 |
_aDebate socialista _n2 _914714 |
||
| 505 | _aEl programa del velasquismo 1968-1975 -- Economía y clase sociales en el velasquismo -- Velasquismo y programa político -- Izquierda y velasquismo, unidad de la fuerza armada ... | ||
| 650 |
_aAsambleas y debates _914715 |
||
| 650 |
_aPolítica _9291 |
||
| 650 |
_aPerú _935 |
||
| 650 |
_aReformismo burgués _914716 |
||
| 700 |
_aArias Schreiber, Félix _914717 |
||
| 700 |
_aDammert, Manuel _914718 |
||
| 700 |
_aEspinoza, Gustavo _914719 |
||
| 700 |
_aLetts, Ricardo _97953 |
||
| 942 |
_2ddc _cLIBROS |
||
| 945 | _aacv | ||